Temples of India / (Record no. 146106)
[ view plain ]
| 000 -LEADER | |
|---|---|
| fixed length control field | 00764nam a22002177a 4500 |
| 005 - DATE AND TIME OF LATEST TRANSACTION | |
| control field | 20180124162224.0 |
| 010 ## - LCCN (DPL NO) | |
| LC control number | 1718EN-30 ENG-122091 |
| 020 ## - INTERNATIONAL STANDARD BOOK NUMBER | |
| International Standard Book Number | 9788175993303 |
| Terms of availability | 1195.00 |
| 035 ## - SYSTEM CONTROL NUMBER | |
| System control number | B-682868-874 |
| 035 ## - SYSTEM CONTROL NUMBER | |
| System control number | EN-105623 |
| 037 ## - SOURCE OF ACQUISITION | |
| Source of stock number/acquisition | Aakar |
| Stock number | dpl |
| 037 ## - SOURCE OF ACQUISITION | |
| Source of stock number/acquisition | DBAD/PUB |
| 082 ## - DEWEY DECIMAL CLASSIFICATION NUMBER | |
| Classification number | 726.1450954 |
| 100 ## - MAIN ENTRY--PERSONAL NAME | |
| Personal name | Chopra, Tarun |
| 245 ## - TITLE STATEMENT | |
| Title | Temples of India / |
| Statement of responsibility, etc | by Tarun Chopra |
| 260 ## - PUBLICATION, DISTRIBUTION, ETC. (IMPRINT) | |
| Date of publication, distribution, etc | 2016 |
| Place of publication, distribution, etc | New Delhi |
| Name of publisher, distributor, etc | Prakash Books |
| 270 ## - ADDRESS | |
| Address | 113-A, Ansari Road, Darya Ganj, |
| City | New Delhi |
| Postal code | 110002 |
| 300 ## - PHYSICAL DESCRIPTION | |
| Dimensions | 23cm(Hb) |
| Extent | 360p. |
| 942 ## - ADDED ENTRY ELEMENTS (KOHA) | |
| Item type | English Books |
| Source of classification or shelving scheme | Dewey Decimal Classification |
| Call number suffix | CHO |
| Classification part | 726.1450954 |
| Withdrawn status | Lost status | Not for loan | Collection code | Home library | Current library | Date acquired | Source of acquisition | Cost, normal purchase price | Full call number | Barcode | Copy number | Cost, replacement price | Koha item type |
|---|---|---|---|---|---|---|---|---|---|---|---|---|---|
| Non-fiction | Ashok Vihar | Ashok Vihar | 05/01/2018 | Aakar/I-2013/30.11.2017/BPPD/EN/2017-18/20.11.17/14.12.2017 | 1195.00 | 726.1450954 CHO | B-682869 | 1 | 1195.00 | English Books | |||
| Non-fiction | Bawana | Bawana | 05/01/2018 | Aakar/I-2013/30.11.2017/BPPD/EN/2017-18/20.11.17/14.12.2017 | 1195.00 | 726.1450954 CHO | B-682874 | 1 | 1195.00 | English Books | |||
| Not For Loan | Non-fiction | D.B.Act.Division | Bawana | 24/01/2018 | DBAD/PUB | 1195.00 | 726.1450954 CHO | EN-105623 | 1 | 1195.00 | English Books | ||
| Non-fiction | Central Library | Central Library | 05/01/2018 | Aakar/I-2013/30.11.2017/BPPD/EN/2017-18/20.11.17/14.12.2017 | 1195.00 | 726.1450954 CHO | B-682868 | 1 | 1195.00 | English Books | |||
| Non-fiction | Janak Puri | Janak Puri | 05/01/2018 | Aakar/I-2013/30.11.2017/BPPD/EN/2017-18/20.11.17/14.12.2017 | 1195.00 | 726.1450954 CHO | B-682871 | 1 | 1195.00 | English Books | |||
| Non-fiction | Narela | Narela | 05/01/2018 | Aakar/I-2013/30.11.2017/BPPD/EN/2017-18/20.11.17/14.12.2017 | 1195.00 | 726.1450954 CHO | B-682873 | 1 | 1195.00 | English Books | |||
| Non-fiction | Patel Nagar | Patel Nagar | 05/01/2018 | Aakar/I-2013/30.11.2017/BPPD/EN/2017-18/20.11.17/14.12.2017 | 1195.00 | 726.1450954 CHO | B-682870 | 1 | 1195.00 | English Books | |||
| Non-fiction | Sarojini Nagar | Sarojini Nagar | 05/01/2018 | Aakar/I-2013/30.11.2017/BPPD/EN/2017-18/20.11.17/14.12.2017 | 1195.00 | 726.1450954 CHO | B-682872 | 1 | 1195.00 | English Books |
